[Event "26th WSCC 2016 Open 50+"]
[Site "Marianske Lazne, Czech Republic - Hotel Cristal and Continental"]
[Date "2016.11.22"]
[Round "4.20"]
[White "Gueci, Riccardo"]
[Black "Kutynec, Vladimir"]
[Result "1/2-1/2"]
[WhiteElo "2121"]
[BlackElo "2295"]
[PlyCount "99"]
[EventDate "2016.11.19"]

1. e4 c5 2. c3 d5 3. exd5 Qxd5 4. d4 cxd4 5. cxd4 Nc6 6. Nf3 e5 7. Nc3 Bb4 8.
Be3 exd4 9. Nxd4 Nge7 10. Ndb5 Qe5 11. Be2 O-O 12. a3 Bxc3+ 13. Nxc3 Nf5 14.
Qd3 Re8 15. Nd1 Nxe3 16. Qxe3 Nd4 17. Qxe5 Rxe5 18. Ne3 f5 19. Bc4+ Be6 20.
Bxe6+ Rxe6 21. O-O f4 22. Nd5 Ne2+ 23. Kh1 Rd8 24. Rfd1 Red6 25. Ne7+ Kf7 26.
Rxd6 Rxd6 27. Nc8 Rd2 28. Nxa7 Nd4 29. Kg1 Rxb2 30. a4 Ne2+ 31. Kf1 Nc3 32. Nc8
Ke6 33. a5 Kd5 34. Ke1 Re2+ 35. Kf1 Re8 36. Nb6+ Kd4 37. Na4 Ne4 38. f3 Nd2+
39. Kf2 Kc4 40. Nb2+ Kc3 41. Na4+ Kb4 42. Nb6 Nb3 43. Nd5+ Kc4 44. Rd1 Nxa5 45.
Nxf4 b5 46. Rd7 g5 47. Rc7+ Kb3 48. Ne2 Rd8 49. Rc5 Ka4 50. Nc3+ 1/2-1/2

[Event "26th WSCC 2016 Open 50+"]
[Site "Marianske Lazne, Czech Republic - Hotel Cristal and Continental"]
[Date "2016.11.22"]
[Round "4.21"]
[White "Bartsch, Berthold"]
[Black "Agusto, Obafunmilayo"]
[Result "1-0"]
[WhiteElo "2279"]
[BlackElo "2144"]
[PlyCount "83"]
[EventDate "2016.11.19"]

1. Nc3 d5 2. e4 d4 3. Nce2 e5 4. d3 Nc6 5. g3 Nf6 6. Bg2 Bb4+ 7. Bd2 Bxd2+ 8.
Qxd2 Bg4 9. f3 Be6 10. h3 Qd6 11. a3 Nd7 12. f4 f6 13. Nf3 O-O 14. O-O Ne7 15.
Rf2 c5 16. Raf1 c4 17. Nh4 cxd3 18. cxd3 Rac8 19. Nf5 Nxf5 20. exf5 Bd5 21.
fxe5 fxe5 22. g4 Bxg2 23. Rxg2 Qh6 24. Qxh6 gxh6 25. Ng3 Nc5 26. Rf3 e4 27.
Nxe4 Nxe4 28. dxe4 Rc1+ 29. Rf1 Rxf1+ 30. Kxf1 Re8 31. Re2 Rc8 32. Rd2 Rc1+ 33.
Kf2 Rh1 34. Kg3 Rb1 35. e5 Re1 36. Kf4 Re3 37. Rxd4 Rxh3 38. Rd8+ Kg7 39. Rd7+
Kg8 40. Rxb7 h5 41. e6 Rh4 42. f6 1-0

[Event "26th WSCC 2016 Open 50+"]
[Site "Marianske Lazne, Czech Republic - Hotel Cristal and Continental"]
[Date "2016.11.22"]
[Round "4.22"]
[White "Hewson, Brian Wr"]
[Black "Stentebjerg-Hansen, Per"]
[Result "0-1"]
[WhiteElo "2083"]
[BlackElo "2262"]
[PlyCount "86"]
[EventDate "2016.11.19"]

1. d4 d5 2. Nf3 Nf6 3. c4 c6 4. e3 a6 5. a4 g6 6. Nc3 Bg7 7. Qb3 O-O 8. Be2 e6
9. O-O Nbd7 10. cxd5 exd5 11. Rd1 Re8 12. a5 Bf8 13. Bd2 Bd6 14. Na4 Ne4 15.
Bb4 Bc7 16. Nc3 Ndf6 17. Nd2 Nxf2 18. Kxf2 Ng4+ 19. Bxg4 Qh4+ 20. Kf1 Bxg4 21.
Ne2 Re6 22. Ng1 Bxd1 23. Rxd1 Bxh2 24. Ndf3 Qf6 25. Be1 Rb8 26. Qd3 g5 27. Bf2
Bc7 28. Ne5 Bxe5 29. dxe5 Rxe5 30. Qd4 Qf5 31. Nf3 Re7 32. Qd3 Qf6 33. Qd4 Qg6
34. Ne5 Qf5 35. Ng4 Qg6 36. Bg3 Rd8 37. Be5 f5 38. Bf6 Re4 39. Bxd8 Rxd4 40.
Nf6+ Qxf6 41. Bxf6 Rxd1+ 42. Ke2 Rb1 43. Bd4 Kf7 0-1

[Event "26th WSCC 2016 Open 50+"]
[Site "Marianske Lazne, Czech Republic - Hotel Cristal and Continental"]
[Date "2016.11.22"]
[Round "4.23"]
[White "Larsen, Peter"]
[Black "Daneri, Martin"]
[Result "1-0"]
[WhiteElo "2248"]
[BlackElo "2113"]
[PlyCount "77"]
[EventDate "2016.11.19"]

1. e4 e6 2. d4 d5 3. Nc3 Nf6 4. e5 Nfd7 5. f4 c5 6. Nf3 Nc6 7. Be3 Be7 8. Qd2
O-O 9. dxc5 Nxc5 10. O-O-O Qa5 11. Kb1 Bd7 12. Nxd5 exd5 13. Qxa5 Nxa5 14. Bxc5
Bxc5 15. Rxd5 Be3 16. Rxd7 Bxf4 17. g3 Be3 18. Bh3 b5 19. Rhd1 Rae8 20. a3 Nc4
21. R7d5 a6 22. Bf1 Nb6 23. R5d3 Bc5 24. Bh3 g6 25. Ka2 Kg7 26. b3 h6 27. Bd7
Rb8 28. Rc3 Be7 29. Rc7 Na8 30. Ra7 Rfd8 31. Rd3 b4 32. Bc6 Rdc8 33. Rxe7 Rxc6
34. Nd4 Rcb6 35. Rf3 Rf8 36. e6 Rd6 37. Rexf7+ Rxf7 38. Rxf7+ Kg8 39. Rd7 1-0

[Event "26th WSCC 2016 Open 50+"]
[Site "Marianske Lazne, Czech Republic - Hotel Cristal and Continental"]
[Date "2016.11.22"]
[Round "4.24"]
[White "Vepkhvishvili, Varlam"]
[Black "Fritsch, Rolf"]
[Result "0-1"]
[WhiteElo "2086"]
[BlackElo "2235"]
[PlyCount "128"]
[EventDate "2016.11.19"]

1. e4 c5 2. Nf3 d6 3. d4 cxd4 4. Nxd4 Nf6 5. Nc3 g6 6. Be2 Bg7 7. Be3 Nc6 8.
O-O O-O 9. Nb3 Be6 10. f4 a6 11. Bf3 Rc8 12. g4 b5 13. Nd5 Nd7 14. c3 Bxd5 15.
exd5 Na5 16. Nxa5 Qxa5 17. Qd2 Qc7 18. Qf2 Rb8 19. Rac1 a5 20. Kh1 a4 21. a3
Nb6 22. Qe2 Nc4 23. Bf2 Rfe8 24. Rfe1 Bh6 25. g5 Bg7 26. Qc2 Qd7 27. Be4 e6 28.
dxe6 fxe6 29. Bg3 Rbd8 30. Re2 Kh8 31. Rce1 d5 32. Bxg6 hxg6 33. Qxg6 d4 34.
cxd4 Qd5+ 35. Kg1 Nd6 36. Bf2 Qf5 37. Qh5+ Kg8 38. Qf3 Nf7 39. Qe4 Qg4+ 40. Kh1
Nd6 41. Qc6 Kf7 42. Bg3 Nf5 43. Bf2 Rd6 44. g6+ Qxg6 45. Qxb5 Qh5 46. Qb7+ Re7
47. Qg2 Rd8 48. d5 Rxd5 49. Kg1 Bd4 50. Bxd4 Rxd4 51. Re5 Rxf4 52. Kh1 Kf6 53.
Qc6 Nd4 54. Rxh5 Nxc6 55. Rh6+ Kf5 56. Rh5+ Kg6 57. Rc5 Nd8 58. Rg1+ Kf6 59.
Rh5 Nf7 60. Rb5 Nd6 61. Rb6 Ne4 62. Rb4 Nf2+ 63. Kg2 Rg7+ 64. Kf1 Ne4+ 0-1

[Event "26th WSCC 2016 Open 50+"]
[Site "Marianske Lazne, Czech Republic - Hotel Cristal and Continental"]
[Date "2016.11.22"]
[Round "4.25"]
[White "Chan, Peng Kong"]
[Black "Levrand, Roland"]
[Result "1-0"]
[WhiteElo "2233"]
[BlackElo "2097"]
[PlyCount "71"]
[EventDate "2016.11.19"]

1. d4 Nf6 2. c4 g6 3. Nc3 Bg7 4. e4 O-O 5. Nf3 c6 6. Be2 d5 7. e5 Ne4 8. Nxe4
dxe4 9. Ng5 c5 10. d5 Bxe5 11. Nxe4 Bg7 12. O-O Nd7 13. Rb1 b6 14. Bg5 h6 15.
Bd2 f5 16. Nc3 Re8 17. Re1 e5 18. dxe6 Ne5 19. e7 Rxe7 20. Nd5 Rd7 21. Qc1 Kh7
22. Bc3 Bb7 23. Bxe5 Bxe5 24. Bf3 Bg7 25. Qf4 Qf8 26. h4 Rad8 27. Re2 Kh8 28.
Rbe1 Bxd5 29. Bxd5 Qd6 30. Qc1 Qf6 31. Qf4 Kh7 32. Re6 Qxb2 33. h5 Rf8 34.
hxg6+ Kh8 35. Re8 Rd8 36. R8e7 1-0

[Event "26th WSCC 2016 Open 50+"]
[Site "Marianske Lazne, Czech Republic - Hotel Cristal and Continental"]
[Date "2016.11.22"]
[Round "4.26"]
[White "Yasin, Hur"]
[Black "Habibi, Ali"]
[Result "0-1"]
[WhiteElo "2075"]
[BlackElo "2225"]
[PlyCount "130"]
[EventDate "2016.11.19"]

1. e4 c5 2. Nf3 e6 3. d4 cxd4 4. Nxd4 a6 5. c4 Qc7 6. Bd3 d6 7. O-O Nf6 8. Qe2
Be7 9. b3 b6 10. Bb2 Bb7 11. Nd2 Nbd7 12. Rac1 O-O 13. f4 Rac8 14. Rce1 g6 15.
Bb1 e5 16. Nc2 Nh5 17. g3 Bf6 18. f5 Bg7 19. Ne3 Qc5 20. Kh1 Ndf6 21. Ng2 g5
22. Bd3 Bh6 23. Nb1 b5 24. Nc3 bxc4 25. Bxc4 Qb6 26. Rd1 Rfd8 27. Nd5 Bxd5 28.
Bxd5 g4 29. Bc4 Rc6 30. Rd3 Rdc8 31. Rfd1 Ng7 32. Bc3 Nge8 33. Be1 Bg5 34. Bf2
Qb4 35. Be3 Bxe3 36. Nxe3 h5 37. Nd5 Nxd5 38. Bxd5 Rc3 39. Bc4 Rxd3 40. Qxd3
Kf8 41. f6 Nxf6 42. Rf1 Ke7 43. Qe3 Qb7 44. Bd3 Rg8 45. Qf2 Rg6 46. Qf5 Qc6 47.
Rf2 Qc3 48. Bc4 h4 49. Rf1 Qe3 50. Bd5 Qd3 51. Bc4 Qc2 52. gxh4 a5 53. h5 Rh6
54. Bd5 Qd3 55. Kg2 Qh3+ 56. Kg1 Qxh5 57. Qf2 g3 58. Qa7+ Kf8 59. h4 Nxd5 60.
exd5 Kg7 61. Qe7 g2 62. Kxg2 Qe2+ 63. Rf2 Rg6+ 64. Qg5 Rxg5+ 65. hxg5 Qe4+ 0-1

[Event "26th WSCC 2016 Open 50+"]
[Site "Marianske Lazne, Czech Republic - Hotel Cristal and Continental"]
[Date "2016.11.22"]
[Round "4.27"]
[White "Mohapl, Petr"]
[Black "Smolin, Sergey"]
[Result "1/2-1/2"]
[WhiteElo "2066"]
[BlackElo "2224"]
[PlyCount "95"]
[EventDate "2016.11.19"]

1. d4 g6 2. c4 Bg7 3. Nc3 d6 4. e4 Nc6 5. Be3 e5 6. d5 Nce7 7. Bd3 f5 8. f3 Nf6
9. Nge2 O-O 10. Qd2 c5 11. dxc6 bxc6 12. Bc2 Be6 13. Rd1 fxe4 14. Qxd6 Qxd6 15.
Rxd6 Bxc4 16. fxe4 Rfd8 17. Rxd8+ Rxd8 18. Bxa7 Nc8 19. Bc5 Nd6 20. b3 Ba6 21.
h3 Kf7 22. Rf1 Ke6 23. Rf3 Nf7 24. Be3 Bf8 25. Bd2 Bb4 26. g4 h6 27. Rg3 Ng5
28. h4 Rxd2 29. Kxd2 Ngxe4+ 30. Bxe4 Nxe4+ 31. Kc2 Nxg3 32. Nxg3 Be7 33. Nge4
Bc8 34. h5 gxh5 35. gxh5 Kf5 36. Ng3+ Kg4 37. Nce4 Kf4 38. Kd3 Ba6+ 39. Kc3 Bh4
40. Nc5 Bxg3 41. Nxa6 e4 42. Nc5 Bf2 43. Nd7 c5 44. Kd2 Bd4 45. Ke2 Kf5 46. a4
Ke6 47. Nb6 Kd6 48. Nc4+ 1/2-1/2

[Event "26th WSCC 2016 Open 50+"]
[Site "Marianske Lazne, Czech Republic - Hotel Cristal and Continental"]
[Date "2016.11.22"]
[Round "4.28"]
[White "Malinin, Vasily B"]
[Black "Liberchuk, Ilia"]
[Result "1/2-1/2"]
[WhiteElo "2220"]
[BlackElo "2076"]
[PlyCount "136"]
[EventDate "2016.11.19"]

1. d4 d5 2. c4 e6 3. Nc3 Nf6 4. Bg5 Be7 5. e3 c6 6. f4 O-O 7. Qc2 Nbd7 8. O-O-O
Qc7 9. Nf3 a6 10. Bxf6 Nxf6 11. Ne5 dxc4 12. Bxc4 b5 13. Bd3 Qb6 14. Ne4 Nd5
15. Qxc6 Qa7 16. Kd2 Nb4 17. Qc3 Nxa2 18. Qb3 Nb4 19. Bb1 Bb7 20. Rc1 Bd5 21.
Qd1 f5 22. Nc3 Qb7 23. Rg1 Bd6 24. Qh5 Bxe5 25. fxe5 Bc4 26. g4 Qf3 27. Qh4 g6
28. b3 f4 29. Qe1 fxe3+ 30. Qxe3 Bxb3 31. Qxf3 Rxf3 32. Ne4 Nd5 33. Rc6 Re8 34.
Rxa6 Bc4 35. g5 Rf4 36. Ra7 Rd8 37. Bc2 Rf7 38. Rga1 Rfd7 39. h4 Kf8 40. h5 Nb4
41. Bb1 Nc6 42. Rxd7 Rxd7 43. Ra8+ Ke7 44. Nd6 Rd8 45. Rxd8 Kxd8 46. Nxc4 bxc4
47. Kc3 gxh5 48. Bxh7 h4 49. Kxc4 h3 50. Be4 Ne7 51. Kc5 Kd7 52. g6 h2 53. g7
Ng8 54. d5 exd5 55. Bxd5 Ne7 56. e6+ Kc7 57. Bf3 Ng8 58. Kd5 Ne7+ 59. Ke5 Ng8
60. Bg2 Kd8 61. Kd6 Ne7 62. Ke5 Ng8 63. Bd5 Ke7 64. Kf5 Nf6 65. Bf3 Ng8 66. Kg6
Kxe6 67. Kh7 Nf6+ 68. Kh8 Ke7 1/2-1/2

[Event "26th WSCC 2016 Open 50+"]
[Site "Marianske Lazne, Czech Republic - Hotel Cristal and Continental"]
[Date "2016.11.22"]
[Round "4.29"]
[White "Shashidhar, B Rai"]
[Black "Chapman, Terry P D"]
[Result "0-1"]
[WhiteElo "1306"]
[BlackElo "2220"]
[PlyCount "56"]
[EventDate "2016.11.19"]

1. e4 c6 2. d4 d5 3. Nc3 dxe4 4. Nxe4 Bf5 5. Ng3 Bg6 6. h4 h6 7. h5 Bh7 8. Nf3
Nd7 9. Bd3 Bxd3 10. Qxd3 e6 11. c4 Ngf6 12. Bd2 Be7 13. O-O-O O-O 14. Bc3 b5
15. cxb5 cxb5 16. Qxb5 Nd5 17. Ba5 Qc8+ 18. Kb1 Rb8 19. Qd3 Qb7 20. Qd2 Ba3 21.
b3 Rfc8 22. Ne4 Qa6 23. g4 Rb5 24. Bc3 f5 25. gxf5 exf5 26. Nc5 Nxc5 27. dxc5
Nxc3+ 28. Qxc3 Rbxc5 0-1

[Event "26th WSCC 2016 Open 50+"]
[Site "Marianske Lazne, Czech Republic - Hotel Cristal and Continental"]
[Date "2016.11.22"]
[Round "4.30"]
[White "Lacina, Adolf"]
[Black "Malinovsky, Petr"]
[Result "1-0"]
[WhiteElo "2206"]
[BlackElo "1957"]
[PlyCount "55"]
[EventDate "2016.11.19"]

1. e4 c5 2. Nf3 e6 3. d4 cxd4 4. Nxd4 Nf6 5. Nc3 Nc6 6. Be2 Bb4 7. O-O O-O 8.
Nxc6 bxc6 9. e5 Nd5 10. Ne4 f6 11. c4 Nc7 12. exf6 d5 13. fxg7 Rf7 14. Bh5 Rxg7
15. Bh6 e5 16. Bxg7 Kxg7 17. f4 Be7 18. Ng5 e4 19. Nf7 Bc5+ 20. Kh1 Qh4 21. Ne5
Bf5 22. Nxc6 Kh6 23. g4 e3 24. gxf5 Qxh5 25. Qxh5+ Kxh5 26. b4 d4 27. bxc5 d3
28. Rf3 1-0

[Event "26th WSCC 2016 Open 50+"]
[Site "Marianske Lazne, Czech Republic - Hotel Cristal and Continental"]
[Date "2016.11.22"]
[Round "4.31"]
[White "Bergstrom, Rolf"]
[Black "Mazzamuto, Nicola"]
[Result "1-0"]
[WhiteElo "2296"]
[BlackElo "1903"]
[PlyCount "75"]
[EventDate "2016.11.19"]

1. e4 d5 2. exd5 Qxd5 3. Nc3 Qa5 4. g3 g6 5. Bg2 Bg7 6. Nf3 Nf6 7. O-O O-O 8.
Re1 Nc6 9. h3 Qh5 10. Ne2 g5 11. d3 h6 12. g4 Qg6 13. Ng3 Nxg4 14. hxg4 Bxg4
15. Qd2 f5 16. Nh2 f4 17. Be4 Qf7 18. Nxg4 fxg3 19. fxg3 Qh5 20. Ne3 Nd4 21. c3
Nf3+ 22. Bxf3 Rxf3 23. Qg2 Be5 24. Nf1 Raf8 25. Bd2 Bd6 26. Re3 g4 27. d4 Qf5
28. Rxf3 gxf3 29. Qf2 h5 30. Bf4 Bxf4 31. gxf4 Qg4+ 32. Qg3 Rxf4 33. Kf2 Re4
34. Re1 h4 35. Qxg4+ Rxg4 36. Kxf3 Rg7 37. Re4 h3 38. Rg4 1-0

[Event "26th WSCC 2016 Open 50+"]
[Site "Marianske Lazne, Czech Republic - Hotel Cristal and Continental"]
[Date "2016.11.22"]
[Round "4.32"]
[White "Meister, Jakob"]
[Black "Prueske, Wolfgang"]
[Result "1-0"]
[WhiteElo "2444"]
[BlackElo "2093"]
[PlyCount "133"]
[EventDate "2016.11.19"]

1. c4 c6 2. e4 d5 3. exd5 cxd5 4. cxd5 Nf6 5. Bb5+ Nbd7 6. Nc3 g6 7. d4 Bg7 8.
d6 exd6 9. Qe2+ Qe7 10. Bf4 Qxe2+ 11. Bxe2 O-O 12. Bxd6 Re8 13. Nf3 Nb6 14. O-O
Ne4 15. Nxe4 Rxe4 16. Bd3 Re6 17. Bf4 Bd7 18. Rfe1 Rae8 19. Rxe6 Rxe6 20. Rc1
Bc6 21. Ne5 Bd5 22. b3 f6 23. Nc4 Rc6 24. Nxb6 Rxb6 25. Rc5 Be6 26. Kf1 Bf8 27.
Rb5 Rxb5 28. Bxb5 Kg7 29. Bc4 Bc8 30. Ke2 Bb4 31. Bc7 Kf8 32. Bb8 a6 33. Ba7
Ke8 34. Bc5 Ba5 35. Ke3 Bc7 36. h4 Bf5 37. Bg8 h5 38. Bd5 Bc8 39. Bb4 Bb8 40.
a4 Bc7 41. Bc5 f5 42. Bb4 f4+ 43. Ke2 Bg4+ 44. f3 Bc8 45. a5 Bb8 46. Kd3 Bc7
47. Kc4 Bb8 48. Be4 Kf7 49. d5 Bc7 50. Kd4 Bd8 51. Be1 b6 52. axb6 Bxb6+ 53.
Ke5 Be3 54. Kd6 Bb6 55. Kc6 Bd8 56. Bd2 Bxh4 57. Kc7 Bf5 58. Bxf5 gxf5 59. d6
Ke6 60. Bxf4 Kd5 61. d7 Kd4 62. b4 Kd3 63. Kb7 Ke2 64. Kxa6 Kf2 65. b5 Kxg2 66.
b6 Kxf3 67. Bc7 1-0

[Event "26th WSCC 2016 Open 50+"]
[Site "Marianske Lazne, Czech Republic - Hotel Cristal and Continental"]
[Date "2016.11.22"]
[Round "4.33"]
[White "Siebenburger, Vlastimil"]
[Black "Berezjuk, Sergej"]
[Result "0-1"]
[WhiteElo "2048"]
[BlackElo "2431"]
[PlyCount "100"]
[EventDate "2016.11.19"]

1. d4 Nf6 2. c4 e6 3. Nc3 Bb4 4. e3 O-O 5. Bd3 d5 6. Nf3 b6 7. cxd5 exd5 8. Qc2
Bb7 9. O-O c5 10. Bd2 Nc6 11. a3 Ba5 12. dxc5 bxc5 13. Na4 c4 14. Bf5 g6 15.
Nc5 Rb8 16. Bh3 Bxd2 17. Nxd2 Bc8 18. Bxc8 Rxc8 19. b4 cxb3 20. Ndxb3 Ne5 21.
Qd2 Qd6 22. f4 Nc4 23. Qd4 Rfe8 24. Rfe1 Ng4 25. Nb7 Qe7 26. Qxd5 Qh4 27. h3
Qf2+ 28. Kh1 Ngxe3 29. Qf3 Qxf3 30. gxf3 Nc2 31. Rxe8+ Rxe8 32. Rc1 N4xa3 33.
Nd6 Re1+ 34. Kg2 Re6 35. Ne4 f5 36. Nf2 Re3 37. Nd2 Re2 38. Nf1 Re1 39. Nd3
Rxc1 40. Nxc1 Kf7 41. Kf2 Ke6 42. Ke2 Nd4+ 43. Ke3 Kd5 44. Nd3 Nc4+ 45. Kf2 a5
46. h4 a4 47. h5 a3 48. h6 Nc2 49. Nc1 Nb4 50. Ke2 Kd4 0-1

[Event "26th WSCC 2016 Open 50+"]
[Site "Marianske Lazne, Czech Republic - Hotel Cristal and Continental"]
[Date "2016.11.22"]
[Round "4.34"]
[White "Paldus, Petr"]
[Black "Syrchikov, Alexander"]
[Result "1/2-1/2"]
[WhiteElo "2031"]
[BlackElo "2416"]
[PlyCount "93"]
[EventDate "2016.11.19"]

1. e4 c5 2. b3 Nc6 3. Bb2 d6 4. g3 Nf6 5. Bg2 e5 6. Ne2 Be7 7. O-O d5 8. exd5
Nxd5 9. Nbc3 Be6 10. f4 f6 11. fxe5 fxe5 12. Nxd5 Bxd5 13. Nc3 Bxg2 14. Kxg2
Qd7 15. Ne4 O-O-O 16. d3 Qe6 17. Qh5 g6 18. Qh3 Qxh3+ 19. Kxh3 Rhf8 20. Bc3 Kd7
21. Rxf8 Rxf8 22. Kg2 Ke6 23. Rf1 Rc8 24. a4 b6 25. Rf2 Nd8 26. Re2 Nf7 27. h3
Bf8 28. Rf2 Be7 29. Re2 Rd8 30. Nd2 Bg5 31. Ne4 Bh6 32. Nf2 Rd5 33. Ne4 Nd6 34.
Nxd6 Kxd6 35. Re4 Bg5 36. h4 Bf6 37. Kh3 Ke6 38. g4 h5 39. Bd2 Rd4 40. Be3 Rxe4
41. dxe4 Kd6 42. Kg3 Kc6 43. gxh5 gxh5 44. Bg5 Bg7 45. Kf3 c4 46. Ke3 Bf8 47.
Kd2 1/2-1/2

[Event "26th WSCC 2016 Open 50+"]
[Site "Marianske Lazne, Czech Republic - Hotel Cristal and Continental"]
[Date "2016.11.22"]
[Round "4.35"]
[White "Fox, Anthony"]
[Black "Rakhimov, Zinnour K"]
[Result "1/2-1/2"]
[WhiteElo "1986"]
[BlackElo "2398"]
[PlyCount "38"]
[EventDate "2016.11.19"]

1. e4 Nf6 2. e5 Nd5 3. d4 d6 4. Nf3 Bg4 5. Be2 e6 6. O-O Be7 7. h3 Bh5 8. c4
Nb6 9. Nc3 O-O 10. Be3 d5 11. c5 Nc8 12. b4 c6 13. a3 Nd7 14. Qd2 Kh8 15. g4
Bg6 16. Nh2 f6 17. f4 fxe5 18. fxe5 b6 19. Nf3 bxc5 1/2-1/2

[Event "26th WSCC 2016 Open 50+"]
[Site "Marianske Lazne, Czech Republic - Hotel Cristal and Continental"]
[Date "2016.11.22"]
[Round "4.36"]
[White "Kucera, Jiri"]
[Black "Schatz, Christian"]
[Result "1/2-1/2"]
[WhiteElo "1958"]
[BlackElo "2218"]
[PlyCount "35"]
[EventDate "2016.11.19"]

1. Nf3 Nf6 2. c4 g6 3. g3 Bg7 4. Bg2 O-O 5. O-O d6 6. d4 Nc6 7. d5 Na5 8. Nbd2
c5 9. e4 a6 10. Re1 Nd7 11. Rb1 b5 12. Qc2 bxc4 13. Nxc4 Nxc4 14. Qxc4 Rb8 15.
Qc2 a5 16. Bd2 Ne5 17. Nxe5 Bxe5 18. Bc3 1/2-1/2

[Event "26th WSCC 2016 Open 50+"]
[Site "Marianske Lazne, Czech Republic - Hotel Cristal and Continental"]
[Date "2016.11.22"]
[Round "4.37"]
[White "Grant, Jonathan I M"]
[Black "Elias, Miroslav"]
[Result "1/2-1/2"]
[WhiteElo "2218"]
[BlackElo "2043"]
[PlyCount "94"]
[EventDate "2016.11.19"]

1. c4 e5 2. g3 Nf6 3. Bg2 Nc6 4. Nc3 Bc5 5. e3 O-O 6. a3 a5 7. Nge2 Re8 8. d3
d6 9. O-O Bg4 10. h3 Bh5 11. b3 Rb8 12. Bb2 Bb6 13. Nd5 Nxd5 14. cxd5 Ne7 15.
d4 Bxe2 16. Qxe2 exd4 17. Bxd4 Bxd4 18. exd4 Nxd5 19. Qh5 Nc3 20. Rfe1 c6 21.
Rxe8+ Qxe8 22. Qxa5 Ne2+ 23. Kh2 Nxd4 24. Rd1 Nxb3 25. Qb6 Nc5 26. Rxd6 Ne6 27.
Rd3 Rd8 28. Rb3 Rd7 29. Qa7 Nd8 30. a4 Rd1 31. Bf3 Rd2 32. Re3 Qd7 33. Kg2 Kf8
34. Qc5+ Qd6 35. Qc1 Ne6 36. Bg4 Qd5+ 37. Bf3 Qd6 38. Qe1 g6 39. Bg4 Qd5+ 40.
Kh2 Qd4 41. Bxe6 fxe6 42. Kg2 Kf7 43. Rf3+ Ke7 44. Qb1 Rb2 45. Qe1 Rd2 46. Qb1
Rb2 47. Qe1 Rd2 1/2-1/2

[Event "26th WSCC 2016 Open 50+"]
[Site "Marianske Lazne, Czech Republic - Hotel Cristal and Continental"]
[Date "2016.11.22"]
[Round "4.38"]
[White "Valet, Richard"]
[Black "Thuesen, Mogens"]
[Result "0-1"]
[WhiteElo "1943"]
[BlackElo "2207"]
[PlyCount "74"]
[EventDate "2016.11.19"]

1. e4 e6 2. d4 d5 3. e5 c5 4. c3 Nc6 5. Nf3 Nh6 6. a3 Nf5 7. b4 cxd4 8. cxd4
Qb6 9. Bb2 Bd7 10. g4 Nfe7 11. Nc3 Ng6 12. Na4 Qd8 13. Nc5 Bxc5 14. dxc5 Qc7
15. Qe2 O-O 16. h4 f6 17. exf6 gxf6 18. g5 e5 19. gxf6 Rxf6 20. Rg1 Rf4 21.
O-O-O Bg4 22. Rg3 Qf7 23. Bg2 Rd8 24. Ng5 Bxe2 25. Nxf7 Kxf7 26. Bxd5+ Kf6 27.
Rd2 Bc4 28. Bxc4 Rxc4+ 29. Kd1 Rxd2+ 30. Kxd2 Rxh4 31. b5 Nd4 32. a4 Rf4 33.
Bxd4 Rxd4+ 34. Kc3 Rxa4 35. c6 bxc6 36. bxc6 Ra3+ 37. Kb4 Rxg3 0-1

[Event "26th WSCC 2016 Open 50+"]
[Site "Marianske Lazne, Czech Republic - Hotel Cristal and Continental"]
[Date "2016.11.22"]
[Round "4.39"]
[White "Hoffmann, Michael"]
[Black "Maslak, Alexander"]
[Result "1/2-1/2"]
[WhiteElo "1920"]
[BlackElo "2186"]
[PlyCount "40"]
[EventDate "2016.11.19"]

1. d4 d6 2. Nf3 g6 3. b3 Bg7 4. Bb2 c5 5. e3 Nf6 6. Be2 O-O 7. O-O Nfd7 8. c3
b6 9. Nbd2 Bb7 10. Rc1 Nc6 11. Qc2 Rc8 12. Qb1 e5 13. dxe5 Ndxe5 14. c4 Qf6 15.
Nxe5 dxe5 16. Ne4 Qe7 17. Nc3 e4 18. Nd5 Qe6 19. Bxg7 Kxg7 20. Rcd1 Rcd8
1/2-1/2

[Event "26th WSCC 2016 Open 50+"]
[Site "Marianske Lazne, Czech Republic - Hotel Cristal and Continental"]
[Date "2016.11.22"]
[Round "4.40"]
[White "Folk, Petr"]
[Black "Spiess, Thomas"]
[Result "1-0"]
[WhiteElo "2182"]
[BlackElo "1999"]
[PlyCount "45"]
[EventDate "2016.11.19"]

1. e4 c5 2. Nf3 e6 3. d4 cxd4 4. Nxd4 Nc6 5. Nc3 Qc7 6. Be3 a6 7. Bd3 b5 8. f4
Nxd4 9. Bxd4 Qxf4 10. Rf1 Qxh2 11. Qf3 Nh6 12. O-O-O Qh4 13. Rh1 Qg5+ 14. Be3
Qg4 15. Qf2 Be7 16. Be2 Qg6 17. Bh5 Qf6 18. Qg3 d6 19. Rxd6 Bxd6 20. Qxd6 Bb7
21. Qb6 Rb8 22. Bc5 Qd8 23. Qxe6+ 1-0

[Event "26th WSCC 2016 Open 50+"]
[Site "Marianske Lazne, Czech Republic - Hotel Cristal and Continental"]
[Date "2016.11.22"]
[Round "4.41"]
[White "Sykora, Ondrej"]
[Black "Danek, Pavel"]
[Result "0-1"]
[WhiteElo "2179"]
[BlackElo "1917"]
[PlyCount "106"]
[EventDate "2016.11.19"]

1. e4 e6 2. d4 d5 3. e5 c5 4. c3 Qb6 5. Nf3 Bd7 6. Bd3 Bb5 7. dxc5 Bxc5 8. b4
Be7 9. Be3 Qa6 10. Bxb5+ Qxb5 11. a4 Qd7 12. O-O Nc6 13. Re1 Bd8 14. b5 Na5 15.
Nbd2 Rc8 16. Bd4 Nh6 17. Nb3 Nxb3 18. Qxb3 Nf5 19. a5 Nxd4 20. Nxd4 a6 21. Re3
O-O 22. Qb1 Be7 23. Qd3 Rc4 24. b6 Rfc8 25. Rh3 h6 26. Qd2 Bc5 27. Rg3 Kh8 28.
h3 Bxd4 29. cxd4 Qc6 30. Rga3 Rc1+ 31. Kh2 Rxa1 32. Rxa1 Qc3 33. Rd1 Qxd2 34.
Rxd2 Rc3 35. f4 g6 36. Kg1 Kg7 37. Kf2 Kf8 38. Ke2 Ke7 39. Rd3 Rc2+ 40. Rd2 Rc4
41. Kd3 Kd7 42. g4 Kc6 43. Rb2 Rc1 44. Rb3 Rf1 45. Ke3 Rc1 46. Ke2 Rc2+ 47. Kd3
Rc4 48. Rb1 Kd7 49. Rf1 Ke7 50. Rf2 Rc1 51. Rb2 Rh1 52. Kc3 Rxh3+ 53. Kb4 Rd3
0-1

[Event "26th WSCC 2016 Open 50+"]
[Site "Marianske Lazne, Czech Republic - Hotel Cristal and Continental"]
[Date "2016.11.22"]
[Round "4.42"]
[White "Bartos, Jan"]
[Black "Wolff, Peter"]
[Result "1-0"]
[WhiteElo "2151"]
[BlackElo "1912"]
[PlyCount "65"]
[EventDate "2016.11.19"]

1. d4 d5 2. Bf4 Nf6 3. e3 c5 4. c3 Nc6 5. Nd2 Qb6 6. Qb3 c4 7. Qc2 Nh5 8. Bg5
h6 9. Bh4 g5 10. Be2 Ng7 11. Bg3 Nf5 12. Ngf3 Bg7 13. O-O Nxg3 14. hxg3 Bg4 15.
e4 e6 16. exd5 exd5 17. Rfe1 O-O-O 18. b3 cxb3 19. axb3 Be6 20. b4 Kb8 21. Nb3
Ne7 22. Bd3 Nc8 23. Nc5 Rhe8 24. Nd2 Re7 25. Nf1 Rde8 26. Ne3 Nd6 27. Qa2 Ne4
28. Bxe4 dxe4 29. d5 Bxc3 30. Na4 Qxe3 31. fxe3 Bxd5 32. Qxd5 Bxe1 33. Rxe1 1-0

[Event "26th WSCC 2016 Open 50+"]
[Site "Marianske Lazne, Czech Republic - Hotel Cristal and Continental"]
[Date "2016.11.22"]
[Round "4.43"]
[White "Christiansen, Arne"]
[Black "Vieira, Alexandre Letizio"]
[Result "0-1"]
[WhiteElo "2133"]
[BlackElo "1835"]
[PlyCount "88"]
[EventDate "2016.11.19"]

1. d4 f5 2. c4 e6 3. Nf3 Nf6 4. Nc3 c6 5. g3 d5 6. Bg2 Bd6 7. b3 O-O 8. O-O Qe7
9. Bb2 a5 10. Qd2 Nbd7 11. e3 b6 12. cxd5 exd5 13. Rfe1 Ne4 14. Qc2 Bb7 15. Nd2
Kh8 16. Ndxe4 fxe4 17. Rad1 Qf7 18. Rd2 b5 19. Rc1 Rae8 20. Qd1 Re6 21. Qe1 h5
22. Ne2 h4 23. Nf4 Rh6 24. Qe2 hxg3 25. fxg3 Bxf4 26. exf4 Qf5 27. a3 Qh7 28.
Bf1 Rg6 29. Qg2 Rxf4 30. gxf4 Rxg2+ 31. Bxg2 Qh4 32. Rf2 b4 33. axb4 axb4 34.
Re1 Nf6 35. Re3 Qg4 36. Re1 Ba6 37. Bc1 Kg8 38. Bd2 Qh4 39. h3 Nh5 40. f5 Qg3
41. Re3 Qd6 42. Re1 Bb5 43. Bc1 Qf6 44. Rb2 Ng3 0-1